000
00205 a2200097 4500
001
8282
090
_c
6661
_d
6661
100
_a
Colvin, I
245
_a
Chief of intelligence (W/O vide BOO on 1987)
260
_b
Victoe
942
_a
NUST-CAE
999
_c
243355
_d
243355